| 000 | 00601nam a22001697a 4500 | ||
|---|---|---|---|
| 008 | 110815t1979 xxu||||g |||| 000 0 ara d | ||
| 020 | _a9772010275 | ||
| 082 |
_222 _a297.211 _bب ه ج |
||
| 100 |
_926716 _aبهجت،أحمد |
||
| 245 |
_aالله فى العقيدة الإسلامية/ _cاحمد بهجت |
||
| 300 |
_a309ص، _c24.سم |
||
| 650 |
_926717 _aالله |
||
| 650 |
_917224 _aالألوهية |
||
| 653 |
_bGeneral _cAugust2011 |
||
| 942 |
_2ddc _cBB |
||
| 999 |
_c15837 _d15837 |
||